Berney's US Road Trip - South West (map) - Statistics

General Stats
  • This quiz has been taken 59 times
  • The average score is 8 of 14
Answers on the Map
Answers color-coded by a green-red scale on the quiz's map according to % correct below.
 
Answer Stats
# Hint Answer % Correct
1 Cardinals Phoenix
98%
14 Presideo San Francisco
96%
6 Venetian Las Vegas
94%
13 Silicon Valley San Jose
87%
3 Route 66 Flagstaff
77%
10 Ash tree Fresno
68%
4 South Rim Grand Canyon Village
57%
12 Cannery Row Monterey
55%
2 Red rocks Sedona
49%
7 Thermometer Baker
34%
11 Mission San Luis Obispo
34%
5 Mohave County Kingman
28%
9 Ski resort Mammoth Lakes
17%
8 Death Valley Furnace Creek
11%
No matching quizzes found
Score Distribution
Percent of People with Each Score
Percentile by Number Answered
Your Score History
You have not taken this quiz